Catálogo
 En Linea

Anuario de filosofía. (Registro nro. 35810)

Detalles MARC
000 -CABECERA
campo de control de longitud fija 00443nam a2200145 a 4500
001 - NÚMERO DE CONTROL
campo de control 000036319
005 - FECHA Y HORA DE LA ÚLTIMA TRANSACCIÓN
campo de control 20200930075651.0
008 - DATOS DE LONGITUD FIJA--INFORMACIÓN GENERAL
campo de control de longitud fija 120113s1957 ve 000 0 spa d
040 ## - FUENTE DE LA CATALOGACIÓN
Centro catalogador/agencia de origen DO-SdBNP
Lengua de catalogación spa
Centro/agencia transcriptor BNPHU
049 ## - FONDOS LOCALES (OCLC)
Fondos de biblioteca BNPD
110 2# - ENTRADA PRINCIPAL--NOMBRE DE ENTIDAD CORPORATIVA
Nombre de entidad corporativa o nombre de jurisdicción como elemento de entrada Instituto de Filosofía
Unidad subordinada Facultad de Humanidades y Educación
9 (RLIN) 62476
245 10 - MENCIÓN DE TÍTULO
Título Anuario de filosofía.
260 ## - PUBLICACIÓN, DISTRIBUCIÓN, ETC.
Lugar de publicación, distribución, etc. Venezuela:,
Fecha de publicación, distribución, etc. Univerdidad Central de Venezuela
-- 1957.
300 ## - DESCRIPCIÓN FÍSICA
Extensión 529 p. ;
Dimensiones 23 cm.
Existencias
Estado de retiro Estado de pérdida Restricciones de uso No para préstamo Código de colección Localización permanente Ubicación/localización actual Ubicación en estantería Fecha de adquisición Número de inventario Total de préstamos Signatura topográfica completa Código de barras Fecha visto por última vez Precio válido a partir de Tipo de ítem Koha
        Monografías: Libros y Folletos General General Orden iniciada 13.01.2012 LF1   36320-10 25.06.2020 25.06.2020 No se presta

Con tecnología Koha